000 00266 a2200121 4500
001 64021
082 _a620.1 ASCE
090 _c37816
_d37816
100 _aASCE
245 _aProceedings third engineering mechanics
260 _aNY
_bASCE
_c1979
300 _a931p
942 _aNUST-CAE
_k620.1 ASCE
999 _c299094
_d299094